[Event "13th Parsvnath Open"]
[Site "New Delhi IND"]
[Date "2015.01.10"]
[Round "2.5"]
[White "Cruz, Cristhian"]
[Black "Gusain, Himal"]
[Result "1-0"]
[WhiteTitle "GM"]
[WhiteElo "2546"]
[BlackElo "2322"]
[WhiteFideId "3801969"]
[BlackFideId "5033861"]
[EventDate "2015.01.09"]

1. c4 Nf6 2. Nc3 e6 3. d4 c5 4. d5 exd5 5. cxd5 d6 6. Nf3 g6 7. Bf4 Bg7 8. e3
O-O 9. h3 a6 10. a4 Ne8 11. Be2 Nd7 12. O-O Qe7 13. Re1 Rb8 14. Qd2 Nc7 15. e4
b5 16. axb5 Nxb5 17. Bg5 Bf6 18. Bxf6 Qxf6 19. Nxb5 axb5 20. b4 Re8 21. Bf1 Rxe4
22. Rxe4 Qxa1 23. bxc5 Nxc5 24. Re8+ Kg7 25. Qf4 Nd7 26. Nd4 Ne5 27. Rxe5 dxe5
28. Qxe5+ 1-0

[Event "13th Parsvnath Open"]
[Site "New Delhi IND"]
[Date "2015.01.10"]
[Round "2.6"]
[White "Harsha, Bharathakoti"]
[Black "Baryshpolets, Andrey"]
[Result "0-1"]
[BlackTitle "GM"]
[WhiteElo "2309"]
[BlackElo "2541"]
[WhiteFideId "5078776"]
[BlackFideId "14117207"]
[EventDate "2015.01.09"]

1. d4 Nf6 2. c4 g6 3. f3 Bg7 4. e4 d6 5. Nc3 O-O 6. Nge2 c5 7. Be3 Nc6 8. d5 Na5
9. Nc1 e6 10. Be2 a6 11. a4 b5 12. cxb5 exd5 13. exd5 Re8 14. Bf2 Nc4 15. O-O
Ne3 16. Bxe3 Rxe3 17. Nb3 Nh5 18. Qd2 Bh6 19. bxa6 Qh4 20. Qe1 Qb4 21. Qd1 Nf4
22. Bb5 Bxa6 23. Bxa6 Rxa6 24. a5 Rd3 25. Qc2 c4 26. Nc1 Rd2 27. Qe4 Qxb2 28.
Qe8+ Kg7 0-1

[Event "13th Parsvnath Open"]
[Site "New Delhi IND"]
[Date "2015.01.10"]
[Round "2.7"]
[White "Evdokimov, Alexander A."]
[Black "Kathmale, Sameer"]
[Result "1-0"]
[WhiteTitle "GM"]
[BlackTitle "IM"]
[WhiteElo "2538"]
[BlackElo "2304"]
[WhiteFideId "4139275"]
[BlackFideId "5024498"]
[EventDate "2015.01.09"]

1. Nf3 Nf6 2. c4 c6 3. Nc3 d5 4. e3 a6 5. d4 Bf5 6. Qb3 Ra7 7. Bd2 e6 8. Be2 h6
9. O-O Bd6 10. Rfc1 O-O 11. c5 Bc7 12. Qd1 Nbd7 13. b4 e5 14. a4 e4 15. Ne1 b6
16. Nc2 h5 17. b5 Ng4 18. Bxg4 Bxg4 19. Qf1 bxc5 20. bxc6 Nb8 21. dxc5 Nxc6 22.
Rab1 Qg5 23. Kh1 Qe5 24. Qg1 h4 25. h3 Bh5 26. Na2 Qf5 27. Ne1 Ne5 28. Bc3 Nf3
29. Qf1 Nh2 30. Qg1 Be2 31. Nb4 Nf3 32. Nc6 Bh2 33. Nxf3 Bxg1 34. Nxg1 Bd3 35.
Nxa7 Bxb1 36. Rxb1 Qd7 37. Nb5 axb5 38. axb5 Rb8 39. c6 Qc7 40. Ne2 Kf8 41. Nf4
Qxc6 42. Bb4+ 1-0

[Event "13th Parsvnath Open"]
[Site "New Delhi IND"]
[Date "2015.01.10"]
[Round "2.8"]
[White "Shivananda, B.S."]
[Black "Grover, Sahaj"]
[Result "0-1"]
[WhiteTitle "IM"]
[BlackTitle "GM"]
[WhiteElo "2305"]
[BlackElo "2528"]
[WhiteFideId "5007038"]
[BlackFideId "5021103"]
[EventDate "2015.01.09"]

1. f4 d5 2. Nf3 Bg4 3. e3 Nd7 4. d4 e6 5. Bd3 Bd6 6. O-O f5 7. c4 c6 8. Qb3 Bxf3
9. Rxf3 Rb8 10. Nc3 Ne7 11. Bd2 Nf6 12. Be1 Ne4 13. Rh3 a6 14. Bxe4 fxe4 15. Bh4
Qd7 16. Bxe7 Qxe7 17. Rf1 O-O 18. Qd1 Rf7 19. Qg4 Rbf8 20. Ne2 g6 21. c5 Bc7 22.
Ng3 Rg7 23. Rh6 Rf6 24. b4 Qf8 25. Rb1 Rgf7 26. Rh5 Bxf4 27. exf4 Rxf4 28. Qg5
R7f5 29. Nxf5 Rxf5 30. Qg4 Rxh5 31. Qxe6+ Qf7 32. Qc8+ Kg7 33. g4 Rh3 34. Rf1
Qe7 35. Qb8 Rd3 36. Qd6 Qe8 37. Rf6 Rf3 38. Re6 Qf8 39. Qe5+ Kf7 40. g5 Qd8 41.
h4 Rf5 42. Rd6 Rxe5 43. Rxd8 Rf5 44. Rd7+ Ke6 45. Rxb7 e3 46. Rb8 Rf4 47. Re8+
Kf5 48. Re5+ Kg4 49. Rxe3 Rxd4 50. a3 a5 51. bxa5 Ra4 52. Re6 Rxa5 53. Rxc6 Kxh4
54. Rc7 Kxg5 55. Rxh7 Rxc5 56. Kf2 Rc2+ 57. Ke3 Rc3+ 58. Kd4 Rxa3 59. Kxd5 Kf4
60. Rf7+ Kg4 61. Ke4 g5 62. Rf1 Kh3 63. Rf8 g4 64. Rh8+ Kg2 65. Kf4 g3 66. Rg8
Kh2 67. Rh8+ Kg1 68. Rb8 g2 69. Kg4 Rd3 70. Rb7 Kf2 71. Rb2+ Kf1 72. Rb1+ Ke2
73. Rb2+ Rd2 74. Rb1 Kf2 0-1

[Event "13th Parsvnath Open"]
[Site "New Delhi IND"]
[Date "2015.01.10"]
[Round "2.9"]
[White "Gasanov, Eldar"]
[Black "Pradeep, Kumar R.A."]
[Result "0-1"]
[WhiteTitle "GM"]
[WhiteElo "2520"]
[BlackElo "2291"]
[WhiteFideId "14104466"]
[BlackFideId "5023181"]
[EventDate "2015.01.09"]

1. d4 Nf6 2. c4 g6 3. Nc3 Bg7 4. e4 d6 5. f3 O-O 6. Bg5 Nbd7 7. Qd2 e5 8. d5 h6
9. Be3 h5 10. Bg5 a6 11. h3 Qe8 12. g4 Nh7 13. Be3 h4 14. Bd3 Qe7 15. O-O-O Bf6
16. Nge2 Bg5 17. Rdf1 Bxe3 18. Qxe3 Qg5 19. Nd1 b5 20. cxb5 axb5 21. a3 b4 22.
axb4 Ra4 23. b5 Nc5 24. Bc2 Rb4 25. Nec3 Bd7 26. Na2 Nb3+ 27. Bxb3 Rxb3 28. Nac3
Bxb5 29. f4 exf4 30. Rxf4 Re8 31. Rh2 Bc4 32. Qd2 Ra8 33. Rhf2 Ra1+ 34. Kc2 Rb4
35. Ne3 Bb3+ 36. Kd3 Qe5 37. Ne2 c5 38. Qc3 Ng5 39. Rf1 Ra2 40. Nc1 Rxb2 41.
Qxe5 dxe5 42. R4f2 Rb1 43. Nc2 Bc4+ 44. Ke3 Bxf1 45. Nxb4 Rxc1 46. Na2 Rd1 0-1

[Event "13th Parsvnath Open"]
[Site "New Delhi IND"]
[Date "2015.01.10"]
[Round "2.10"]
[White "Gahan, M.G."]
[Black "Nguyen, Duc Hoa"]
[Result "1-0"]
[BlackTitle "GM"]
[WhiteElo "2295"]
[BlackElo "2518"]
[WhiteFideId "5027373"]
[BlackFideId "12401358"]
[EventDate "2015.01.09"]

1. e4 c5 2. c3 Nf6 3. e5 Nd5 4. d4 cxd4 5. Nf3 Nc6 6. cxd4 e6 7. Bd3 d6 8. O-O
Be7 9. a3 Bd7 10. Be4 Rc8 11. Re1 O-O 12. Qd3 h6 13. b4 a6 14. Nbd2 Na7 15. Nf1
Bb5 16. Qd2 dxe5 17. dxe5 Qc7 18. Bxd5 exd5 19. Ne3 Rfd8 20. Nxd5 Qd7 21. Nxe7+
Qxe7 22. Qf4 Rc4 23. Qg3 Qe6 24. h3 Bc6 25. Be3 Nb5 26. a4 Nc7 27. Red1 Rxd1+
28. Rxd1 Bxa4 29. Rd6 Qf5 30. Bxh6 Ne8 31. Rd8 Qh7 32. Bd2 Qc2 33. e6 fxe6 34.
Qb8 Qg6 35. Ne5 Qb1+ 36. Kh2 Rh4 37. Nf3 Rh8 38. Rxe8+ 1-0

[Event "13th Parsvnath Open"]
[Site "New Delhi IND"]
[Date "2015.01.10"]
[Round "2.11"]
[White "Dzhumaev, Marat"]
[Black "Mehar, Chinna Reddy C.H."]
[Result "1/2-1/2"]
[WhiteTitle "GM"]
[WhiteElo "2515"]
[BlackElo "2281"]
[WhiteFideId "14200236"]
[BlackFideId "5027420"]
[EventDate "2015.01.09"]

1. e4 c5 2. Nc3 Nc6 3. Bb5 Nd4 4. Bd3 g6 5. Nf3 Bg7 6. Nxd4 cxd4 7. Ne2 d5 8.
O-O dxe4 9. Bxe4 Nf6 10. Bf3 O-O 11. d3 e5 12. c3 dxc3 13. Nxc3 Rb8 14. Re1 Re8
15. Bg5 Bf5 16. Qa4 a6 17. Nd5 Qd6 18. Bxf6 Bxf6 19. g4 e4 20. dxe4 Bxb2 21.
exf5 b5 22. Qd1 Bxa1 23. Qxa1 Rxe1+ 24. Qxe1 Rd8 25. Kg2 gxf5 26. g5 h6 27. h4
hxg5 28. hxg5 Kg7 29. Qe3 b4 30. Qd4+ Kg6 31. Qh4 Kg7 32. Ne3 Qe5 33. Qh3 Rh8
34. Nxf5+ Kg6 35. Qg4 Qh2+ 36. Kf1 Qh3+ 37. Qxh3 Rxh3 38. Nd4 Kxg5 39. Ke2 Kf4
40. Bd5 Ke5 41. Bg2 Ra3 42. Nc6+ Kd6 43. Nxb4 a5 44. Nc2 Rxa2 45. Kd3 Rb2 46.
Kc3 Rb8 47. Bf1 Kc5 48. Bc4 a4 49. Ne1 f6 50. Nd3+ Kd6 51. Nb4 Rc8 52. Kd4 Rh8
53. Kc3 Rc8 54. Kd4 Rh8 55. Kc3 1/2-1/2

[Event "13th Parsvnath Open"]
[Site "New Delhi IND"]
[Date "2015.01.10"]
[Round "2.12"]
[White "Murali Krishnan, B.T."]
[Black "Rombaldoni, Axel"]
[Result "1/2-1/2"]
[WhiteTitle "IM"]
[BlackTitle "GM"]
[WhiteElo "2283"]
[BlackElo "2509"]
[WhiteFideId "5004977"]
[BlackFideId "815837"]
[EventDate "2015.01.09"]

1. d4 d5 2. c4 e6 3. Nc3 c6 4. Nf3 dxc4 5. e3 b5 6. a4 Bb4 7. Bd2 a5 8. axb5
Bxc3 9. Bxc3 cxb5 10. b3 Bb7 11. d5 Nf6 12. bxc4 b4 13. Bxf6 Qxf6 14. Qa4+ Nd7
15. Nd4 Ke7 16. d6+ Kxd6 17. Rd1 Ke7 18. Nf5+ Kf8 19. Qxd7 Qc3+ 20. Ke2 Qxc4+
21. Ke1 Qc3+ 22. Rd2 exf5 23. Bc4 Qc1+ 24. Rd1 Qc3+ 25. Rd2 Qc1+ 1/2-1/2

[Event "13th Parsvnath Open"]
[Site "New Delhi IND"]
[Date "2015.01.10"]
[Round "2.13"]
[White "Rahman, Ziaur"]
[Black "Abhishek, Kelkar"]
[Result "0-1"]
[WhiteTitle "GM"]
[WhiteElo "2507"]
[BlackElo "2280"]
[WhiteFideId "10200037"]
[BlackFideId "5019257"]
[EventDate "2015.01.09"]

1. d4 d5 2. Nf3 Nf6 3. c4 c6 4. e3 Bf5 5. Nc3 e6 6. Nh4 Be4 7. f3 Bg6 8. Qb3 Qc7
9. Bd2 Be7 10. g3 Nbd7 11. Rc1 Nb6 12. cxd5 exd5 13. Kf2 O-O 14. Nxg6 hxg6 15.
Bd3 Rad8 16. Ne2 Qd7 17. Kg2 Rfe8 18. a4 Bf8 19. a5 Nc8 20. a6 b6 21. Qa4 Ne7
22. g4 Rc8 23. Ng3 Red8 24. h4 Ne8 25. h5 g5 26. Bb1 c5 27. Qxd7 Rxd7 28. e4
dxe4 29. Nxe4 Rxd4 30. Bxg5 Rb4 31. Rc2 Nc6 32. h6 gxh6 33. Bxh6 Bxh6 34. Rxh6
Nd4 35. Rf2 Rc6 36. Rh1 Nf6 37. Nc3 Ne6 38. Kg3 b5 39. f4 Rd6 40. g5 Ne8 41. Ne4
Rdd4 42. Re2 Rb3+ 43. Kg4 Nd6 44. Nf6+ Kf8 45. Rxe6 fxe6 46. Nd7+ Kg8 47. Nxc5
Re3 48. Nd7 Nf7 49. Nf6+ Kg7 50. Rh7+ Kf8 51. g6 Ne5+ 52. Kg5 Rg3+ 53. Kh4 Rg1
54. Be4 Nxg6+ 55. Bxg6 Rxf4+ 56. Kh5 Rxf6 57. Rh8+ Kg7 58. Rh7+ Kg8 59. Rxa7
Rfxg6 0-1

[Event "13th Parsvnath Open"]
[Site "New Delhi IND"]
[Date "2015.01.10"]
[Round "2.14"]
[White "Abhilash, Reddy M.L."]
[Black "Debashis, Das"]
[Result "1/2-1/2"]
[BlackTitle "GM"]
[WhiteElo "2251"]
[BlackElo "2503"]
[WhiteFideId "5024668"]
[BlackFideId "5024854"]
[EventDate "2015.01.09"]

1. d4 d5 2. Nf3 Nf6 3. c4 e6 4. e3 b6 5. Nc3 Bb7 6. cxd5 exd5 7. Bd3 Bd6 8. b3
O-O 9. O-O Nbd7 10. Bb2 a6 11. Nd2 Re8 12. Re1 c5 13. Nf1 Rc8 14. dxc5 bxc5 15.
Ng3 Ne5 16. Bf5 Rc7 17. Rc1 g6 18. Bb1 h5 19. h3 h4 20. Nf1 Bf8 21. Na4 Ned7 22.
Bd3 Rc6 23. Nh2 Rce6 24. Qd2 d4 25. Bc4 dxe3 26. fxe3 Ne4 27. Qc2 Rd6 28. Nf3
Bh6 29. Rcd1 Qe7 30. Rxd6 Qxd6 31. Qd3 Qxd3 32. Bxd3 Nd6 33. Kf2 g5 34. Ba3 Bxf3
35. gxf3 c4 36. Bxc4 Nxc4 37. bxc4 Ne5 38. Nb2 Rd8 39. Re2 f5 40. Be7 Re8 41.
Bd6 g4 42. hxg4 fxg4 43. Bxe5 gxf3 44. Kxf3 Rxe5 45. Nd3 Re7 46. Nf4 Kf7 47. Nd5
Re6 48. Kg4 Re4+ 49. Kh5 Bg7 50. Rf2+ Ke6 51. Rf4 Rxf4 52. Nxf4+ Kf5 53. Kxh4
Ke4 54. Ne6 Be5 55. Nc5+ Kxe3 56. Nxa6 Kd4 57. c5 Kd5 58. Nb4+ 1/2-1/2

[Event "13th Parsvnath Open"]
[Site "New Delhi IND"]
[Date "2015.01.10"]
[Round "2.15"]
[White "Kulkarni, Rakesh"]
[Black "Shyam, Sundar M."]
[Result "1/2-1/2"]
[BlackTitle "GM"]
[WhiteElo "2241"]
[BlackElo "2489"]
[WhiteFideId "5037077"]
[BlackFideId "5019141"]
[EventDate "2015.01.09"]

1. e4 c5 2. c3 Nf6 3. e5 Nd5 4. Bc4 Nb6 5. Bb3 c4 6. Bc2 d6 7. exd6 Qxd6 8. Nf3
g6 9. O-O Bg7 10. Qe2 Qe6 11. Qxe6 Bxe6 12. Na3 Nc6 13. b3 O-O-O 14. Re1 Bd5 15.
bxc4 Nxc4 16. Nxc4 Bxc4 17. d4 Rhe8 18. Bf4 Bd5 19. Bb3 Na5 20. Ba4 Bc6 21. Bb3
Bd5 22. Ba4 Bc6 23. Bb3 Bd5 24. Ba4 Bc6 25. Bb3 Bd5 26. Nd2 1/2-1/2

[Event "13th Parsvnath Open"]
[Site "New Delhi IND"]
[Date "2015.01.10"]
[Round "2.16"]
[White "Kunte, Abhijit"]
[Black "Chakravarthi Reddy, M"]
[Result "1/2-1/2"]
[WhiteTitle "GM"]
[BlackTitle "IM"]
[WhiteElo "2486"]
[BlackElo "2239"]
[WhiteFideId "5002265"]
[BlackFideId "25009532"]
[EventDate "2015.01.09"]

1. d4 d5 2. c4 c6 3. Nf3 Nf6 4. Qb3 a6 5. Bf4 b5 6. c5 a5 7. e3 g6 8. Nc3 a4 9.
Qd1 Bg7 10. h3 Qa5 11. Bd3 a3 12. Qd2 b4 13. Ne2 Ne4 14. Bxe4 dxe4 15. Ne5 Be6
16. b3 Qb5 17. Rc1 O-O 18. O-O Na6 19. Qc2 Rad8 20. Nc4 Bd5 21. Ng3 f5 22. Ne5
Qb7 23. Ne2 Nc7 24. Bh2 Ne6 25. f3 exf3 26. Nxf3 Be4 27. Qc4 Bd5 28. Qc2 Be4 1/2-1/2

[Event "13th Parsvnath Open"]
[Site "New Delhi IND"]
[Date "2015.01.10"]
[Round "2.17"]
[White "Andrenko, Irina"]
[Black "Deepan, Chakkravarthy J."]
[Result "0-1"]
[WhiteTitle "WIM"]
[BlackTitle "GM"]
[WhiteElo "2228"]
[BlackElo "2484"]
[WhiteFideId "14118270"]
[BlackFideId "5011132"]
[EventDate "2015.01.09"]

1. e4 g6 2. d4 Bg7 3. Nc3 c6 4. f4 d5 5. e5 Nh6 6. Nf3 Qb6 7. Na4 Qc7 8. Bd3 f6
9. O-O O-O 10. Nc3 Bg4 11. h3 Bxf3 12. Rxf3 e6 13. Be3 Nd7 14. Be2 fxe5 15. dxe5
a6 16. h4 Ng4 17. Qd2 c5 18. Nxd5 exd5 19. Qxd5+ Kh8 20. Raf1 Rad8 21. Qe6 Nxe3
22. Rxe3 Rde8 23. Qh3 Bh6 24. Ref3 Nf6 25. g4 Nd5 26. g5 Bg7 27. h5 Nxf4 28.
Rxf4 Rxf4 29. Rxf4 Bxe5 30. Rf3 Bd4+ 31. Kf1 Qe7 32. Qg2 gxh5 33. c3 Bg7 34. Rh3
Qe6 35. a3 Rd8 36. Rd3 Re8 37. Rh3 h4 38. Rxh4 Qe3 39. Rh3 Qc1+ 40. Kf2 Qxb2 41.
Re3 Rxe3 42. Kxe3 Qxc3+ 43. Kf4 Qd2+ 44. Kg4 Qd7+ 45. Kh4 Qe7 46. Qg4 Bd4 47.
Kh3 b5 48. Bf3 Kg7 49. Be4 Qf7 50. Bd3 a5 51. Qe4 Qh5+ 52. Qh4 0-1

[Event "13th Parsvnath Open"]
[Site "New Delhi IND"]
[Date "2015.01.10"]
[Round "2.18"]
[White "Narayanan, Srinath"]
[Black "Kiran, Manisha Mohanty"]
[Result "1-0"]
[WhiteTitle "IM"]
[BlackTitle "WGM"]
[WhiteElo "2477"]
[BlackElo "2206"]
[WhiteFideId "5018420"]
[BlackFideId "5019575"]
[EventDate "2015.01.09"]

1. e4 c5 2. Nf3 d6 3. d4 cxd4 4. Nxd4 Nf6 5. Nc3 a6 6. h3 e6 7. g4 Be7 8. Bg2
Nfd7 9. Nce2 Nc6 10. c3 O-O 11. O-O Nb6 12. f4 d5 13. exd5 Nxd5 14. c4 Nxd4 15.
Nxd4 Nb6 16. b3 Bc5 17. Be3 Qc7 18. Qf3 Rb8 19. Qf2 Nd7 20. Rad1 Be7 21. g5 g6
22. h4 Bd6 23. h5 e5 24. Ne2 f5 25. hxg6 hxg6 26. Qh4 Rf7 27. Bd5 Nf8 28. Bxf7+
Kxf7 29. Qh8 Be6 30. Rf2 Rd8 31. Rh2 Ke8 32. fxe5 Be7 33. Rxd8+ Qxd8 34. Nd4 Qa5
35. Rd2 Qc3 36. Kf2 Bc5 37. Qh4 Bf7 38. Ke2 Ne6 39. Qh8+ Ke7 40. Nxf5+ 1-0

[Event "13th Parsvnath Open"]
[Site "New Delhi IND"]
[Date "2015.01.10"]
[Round "2.19"]
[White "Harikrishnan.A.Ra"]
[Black "Thejkumar, M. S."]
[Result "1-0"]
[BlackTitle "IM"]
[WhiteElo "2200"]
[BlackElo "2459"]
[WhiteFideId "5081483"]
[BlackFideId "5009154"]
[EventDate "2015.01.09"]

1. Nf3 d5 2. c4 d4 3. g3 Nc6 4. Bg2 e5 5. O-O a5 6. d3 Nf6 7. e3 Bc5 8. exd4
Bxd4 9. Nxd4 Nxd4 10. Re1 O-O 11. Rxe5 Bg4 12. f3 Nxf3+ 13. Bxf3 Qd4+ 14. Re3
Rae8 15. Nc3 Rxe3 16. Bxe3 Qxe3+ 17. Kg2 Rd8 18. Nd5 Bxf3+ 19. Qxf3 Nxd5 20.
cxd5 Qxf3+ 21. Kxf3 Rxd5 22. Ke3 Kf8 23. Rc1 c6 24. d4 Ke7 25. Ke4 Ke6 26. a4
Rg5 27. Rc3 Kd6 28. Kf4 f6 29. g4 Rd5 30. Ke4 b6 31. Rh3 h6 32. Rc3 h5 33. h3 c5
34. dxc5+ bxc5 35. b3 g6 36. gxh5 Rxh5 37. Rd3+ Ke6 38. Rg3 Rh4+ 39. Kd3 g5 40.
Re3+ Kd5 41. Rf3 Rd4+ 42. Ke2 Re4+ 43. Kd2 Rd4+ 44. Ke2 Rb4 45. Rd3+ Ke6 46.
Re3+ Kf5 47. Rf3+ Kg6 48. Rc3 f5 49. Kf2 f4 50. h4 c4 51. bxc4 g4 52. c5 Kf5 53.
c6 Rb2+ 54. Kf1 Rb8 55. c7 Rc8 56. Kf2 1-0

[Event "13th Parsvnath Open"]
[Site "New Delhi IND"]
[Date "2015.01.10"]
[Round "2.20"]
[White "Pratyusha, Bodda"]
[Black "Cruz, Jonathan"]
[Result "0-1"]
[BlackTitle "IM"]
[WhiteElo "2192"]
[BlackElo "2454"]
[WhiteFideId "5000629"]
[BlackFideId "3802124"]
[EventDate "2015.01.09"]

1. d4 Nf6 2. c4 c5 3. d5 g6 4. Nc3 d6 5. e4 Bg7 6. h3 O-O 7. Nf3 e5 8. g4 Na6 9.
Be2 Nc7 10. a4 Bd7 11. Bg5 a6 12. Nd2 h6 13. Be3 Nh7 14. h4 Rb8 15. Nf1 b5 16.
Qd2 bxc4 17. Ra2 a5 18. Bxc4 Bxg4 19. Bxh6 Rb4 20. Bxg7 Kxg7 21. Ne3 Bh5 22. Be2
Rd4 23. Qc2 Nf6 24. f3 Rh8 25. Kf2 Ng8 26. Raa1 Kf8 27. Qc1 Rb4 28. Nc4 Ne8 29.
Nb5 Ne7 30. Qc3 Nc8 31. Ne3 Qf6 32. Nc4 Bg4 33. Kg2 Bd7 34. Qe1 Ng7 35. Nxa5 Nh5
36. b3 Nf4+ 37. Kf2 Rxe4 38. Nc3 Rxe2+ 39. Qxe2 Nxe2 40. Nxe2 Bg4 0-1

[Event "13th Parsvnath Open"]
[Site "New Delhi IND"]
[Date "2015.01.10"]
[Round "2.21"]
[White "Saptarshi, Roy"]
[Black "Shashikant, Kutwal"]
[Result "1/2-1/2"]
[WhiteTitle "IM"]
[WhiteElo "2448"]
[BlackElo "2189"]
[WhiteFideId "5008980"]
[BlackFideId "5006520"]
[EventDate "2015.01.09"]

1. d4 d5 2. Nf3 Nf6 3. e3 c6 4. c4 a6 5. Nbd2 Bf5 6. Be2 e6 7. Nh4 Be4 8. f3 Bg6
9. Qb3 Ra7 10. g3 c5 11. cxd5 exd5 12. Qa4+ Nc6 13. dxc5 Bxc5 14. Nb3 Bb4+ 15.
Bd2 Bxd2+ 16. Kxd2 O-O 17. Nxg6 hxg6 18. Nd4 Na5 19. Qb4 Nc6 20. Qc5 Nxd4 21.
Qxd4 Ra8 22. Rhc1 Qe7 23. Rc3 Rad8 24. Ke1 Rfe8 25. Kf2 Rd7 26. Rac1 Qe6 27. Rc7
g5 28. Rxd7 Qxd7 29. g4 Qd6 30. Kg2 g6 31. Rc3 Kg7 32. a4 Rh8 33. h3 Re8 34. Rb3
Qc7 35. Rc3 Qd6 36. Bd1 Kh7 37. Rb3 Re4 38. Qb6 Qe5 39. Qxb7 Rxe3 40. Qxf7+ Kh8
41. Rxe3 1/2-1/2

[Event "13th Parsvnath Open"]
[Site "New Delhi IND"]
[Date "2015.01.10"]
[Round "2.22"]
[White "Swathi, Ghate"]
[Black "Anurag, Mhamal"]
[Result "1/2-1/2"]
[WhiteTitle "WGM"]
[BlackTitle "IM"]
[WhiteElo "2188"]
[BlackElo "2446"]
[WhiteFideId "5003474"]
[BlackFideId "5024366"]
[EventDate "2015.01.09"]

1. e4 c5 2. Nf3 e6 3. d4 cxd4 4. Nxd4 a6 5. c4 Nf6 6. Nc3 Qc7 7. Be2 Bb4 8. Qd3
O-O 9. a3 Bxc3+ 10. bxc3 d6 11. Nb3 Nbd7 12. Bf4 e5 13. Bg5 Qc6 14. f3 a5 15.
Rd1 Ra6 16. Qc2 Nc5 17. Nd2 Rb6 18. Nf1 Qa4 19. Qc1 Nh5 20. g3 Be6 21. Be7 Bxc4
22. Ne3 Bxe2 23. Kxe2 Nb3 24. Qc2 Rc8 25. Kf2 Qxa3 26. Nd5 Nd4 27. Qd3 Rb2+ 28.
Rd2 Nb3 29. Rxb2 Qxb2+ 30. Ke3 Qg2 31. Rb1 a4 32. Bxd6 Kh8 33. Bxe5 Qxh2 34. Nb6
Re8 35. Qd7 Qd2+ 36. Qxd2 Nxd2 37. Bxg7+ Kxg7 38. Kxd2 a3 39. g4 Nf4 40. Ra1
Rd8+ 41. Ke3 Ng2+ 42. Ke2 Nf4+ 43. Ke3 Ng2+ 44. Ke2 Nf4+ 1/2-1/2

[Event "13th Parsvnath Open"]
[Site "New Delhi IND"]
[Date "2015.01.10"]
[Round "2.23"]
[White "Nguyen, Van Huy"]
[Black "Ajay Krishna, S"]
[Result "1/2-1/2"]
[WhiteTitle "IM"]
[WhiteElo "2445"]
[BlackElo "2187"]
[WhiteFideId "12401064"]
[BlackFideId "5096430"]
[EventDate "2015.01.09"]

1. d4 d5 2. Nf3 e6 3. c4 Nf6 4. g3 dxc4 5. Bg2 Nc6 6. Qa4 Bb4+ 7. Bd2 Nd5 8.
Bxb4 Nxb4 9. Na3 Rb8 10. O-O O-O 11. Qb5 b6 12. Qxc4 Ba6 13. Nb5 Qd5 14. Qxd5
exd5 15. Nc3 Rfe8 16. Rac1 Ne7 17. Rfd1 Red8 18. a3 Nbc6 19. e3 Bc4 20. Nb1 b5
21. Nbd2 Na5 22. Bf1 c6 23. Rc3 Rb6 24. b3 Bxf1 25. Kxf1 Ra6 26. Ne5 Nb7 27. Nb1
f6 28. Nd3 Rb6 29. Nd2 a5 30. a4 Rb8 31. Ra1 bxa4 32. Rxa4 Rb5 33. Ke2 Kf7 34.
f3 Ke6 35. Ra1 Kd6 36. Rac1 Nd8 37. Nc5 Ne6 38. Nxe6 Kxe6 39. Ra1 Kd6 40. Rc2
Nf5 41. g4 Ne7 42. Ra4 h5 43. h3 hxg4 44. hxg4 Kc7 45. Rca2 Kb6 46. Kd3 Rh8 47.
b4 Rxb4 48. Rxa5 Kc7 49. Ra7+ Kd6 50. Kc3 Rhb8 51. R2a3 R8b7 52. Rxb7 Rxb7 53.
Ra8 Ng6 54. Rd8+ Rd7 55. Rg8 Re7 56. Kd3 Nh4 57. Ra8 Ng2 58. Nf1 Rb7 59. Ra2 Nh4
60. Ke2 Rb1 61. Nd2 Rh1 62. Ra7 Rh2+ 63. Kd3 g5 64. Kc3 Rf2 65. Nb3 Rxf3 66. Kd2
c5 67. dxc5+ Kc6 68. Nd4+ Kxc5 69. Nxf3 Nxf3+ 70. Ke2 Ne5 71. Ra4 Kb5 72. Rd4
Kc5 73. Kf2 Nc6 74. Rd1 Ne5 75. Kg3 Kc4 76. Rf1 Nd7 77. Rd1 Kc5 78. e4 d4 79.
Rc1+ Kd6 80. Rc4 Ke5 81. Kf3 Nb6 82. Rb4 Nd7 83. Rc4 Nb6 84. Rc5+ Kd6 85. Rb5
Kc6 86. Rf5 Nd7 87. Ke2 Kd6 88. Kd3 Ne5+ 89. Kxd4 Nxg4 90. Ra5 Ke6 91. Ra6+ Kf7
92. Ra7+ Ke6 93. Rb7 Ne5 94. Rb6+ Kf7 95. Kd5 g4 96. Rb8 Nf3 97. Rb2 Kg6 98. Rg2
Kg5 99. Ke6 Nd4+ 100. Kf7 Nf3 101. Kg7 f5 102. exf5 Kxf5 1/2-1/2

[Event "13th Parsvnath Open"]
[Site "New Delhi IND"]
[Date "2015.01.10"]
[Round "2.24"]
[White "Ritviz, Parab"]
[Black "Neelotpal, Das"]
[Result "0-1"]
[BlackTitle "GM"]
[WhiteElo "2187"]
[BlackElo "2437"]
[WhiteFideId "5073367"]
[BlackFideId "5003512"]
[EventDate "2015.01.09"]

1. e4 e6 2. d4 d5 3. Nc3 Bb4 4. e5 Ne7 5. a3 Bxc3+ 6. bxc3 c5 7. Qg4 Qc7 8. Qxg7
Rg8 9. Qxh7 cxd4 10. Ne2 Nbc6 11. f4 Bd7 12. Rb1 dxc3 13. Qd3 O-O-O 14. h4 Kb8
15. h5 d4 16. h6 Bc8 17. h7 Rh8 18. g4 b6 19. Bg2 Bb7 20. Kf2 Na5 21. Ng3 Bxg2
22. Kxg2 Nc4 23. Ne4 Nd5 24. Kf3 f5 25. exf6 Nce3 26. Bxe3 dxe3 27. Rbg1 Qxf4+
28. Ke2 Rd7 29. g5 Rdxh7 30. Rxh7 Rxh7 31. Rg2 Rh1 32. Nf2 exf2 33. Rxf2 Qe5+
34. Kf3 Qxg5 35. f7 Rh8 0-1

[Event "13th Parsvnath Open"]
[Site "New Delhi IND"]
[Date "2015.01.10"]
[Round "2.25"]
[White "Tiwari, Arjun"]
[Black "Sunilduth Lyna, Narayanan"]
[Result "1/2-1/2"]
[BlackTitle "IM"]
[WhiteElo "2179"]
[BlackElo "2437"]
[WhiteFideId "5011337"]
[BlackFideId "5058422"]
[EventDate "2015.01.09"]

1. e4 c6 2. d3 d5 3. Nd2 Qc7 4. g3 Nf6 5. Bg2 e5 6. Ngf3 Bd6 7. O-O O-O 8. Re1
Bg4 9. h3 Bh5 10. g4 Bg6 11. Nh4 Nbd7 12. Nf1 dxe4 13. dxe4 Nc5 14. Ng3 Rfd8 15.
Qf3 Ne6 16. c3 Bf8 17. Nhf5 Nd7 18. g5 Ndc5 19. Bf1 Nf4 20. h4 Nfd3 21. Rd1 Bxf5
22. Nxf5 Nxc1 23. Raxc1 b5 24. b4 Ne6 25. c4 g6 26. Ne3 Nd4 27. Qg4 bxc4 28.
Rxc4 Qe7 29. Rdc1 a5 30. Nc2 h5 31. gxh6 Qxh4 32. Qxh4 Nf3+ 33. Kg2 Nxh4+ 34.
Kg3 Bxh6 35. Ne3 Bxe3 36. fxe3 g5 37. Rc5 axb4 38. Rxe5 Ng6 39. Rxg5 Ra3 40. Bc4
Kg7 41. Bb3 Ra6 42. Rgc5 Re8 43. Rxc6 1/2-1/2

[Event "13th Parsvnath Open"]
[Site "New Delhi IND"]
[Date "2015.01.10"]
[Round "2.26"]
[White "Prasanna, Raghuram Rao"]
[Black "Imocha, Laishram"]
[Result "1-0"]
[WhiteTitle "IM"]
[WhiteElo "2436"]
[BlackElo "2179"]
[WhiteFideId "5022401"]
[BlackFideId "5000351"]
[EventDate "2015.01.09"]

1. d4 Nf6 2. c4 g6 3. Nc3 Bg7 4. e4 d6 5. Be2 O-O 6. Bg5 h6 7. Be3 c6 8. Qd2 Kh7
9. h3 a6 10. f4 b5 11. e5 Nfd7 12. Nf3 Nb6 13. b3 Be6 14. cxb5 axb5 15. O-O b4
16. Ne4 Nd5 17. Bd3 Bf5 18. Bf2 Ra3 19. Bh4 Qc7 20. Rae1 Qa7 21. Rf2 dxe5 22.
fxe5 e6 23. Nc5 Nd7 24. Bxf5 exf5 25. Nd3 Qb6 26. e6 fxe6 27. Rxe6 Nc3 28. Qf4
Rf7 29. Nfe5 Nxe5 30. Nxe5 Bxe5 31. Qxe5 Ra8 32. Re7 Ra7 33. Re8 Rg7 34. Bf6 Ne4
35. Bxg7 Rxg7 36. Rxf5 1-0